|
|
|
|
| LEADER |
00000nam a2200000 a 4500 |
| 001 |
vtls011833795 |
| 003 |
SK-MaSNL |
| 005 |
20260301184128.0 |
| 008 |
190114s1906 xo 0 an0 hun |
| 015 |
|
|
|a SNBA1906
|
| 040 |
|
|
|a SNKHF
|b slo
|c SNK
|e AACR2
|
| 041 |
0 |
|
|a hun
|
| 044 |
|
|
|a xo
|c SK
|
| 072 |
|
7 |
|a 028
|x Čítanie
|2 konspekt
|
| 080 |
|
|
|a 028
|2 2011
|
| 080 |
|
|
|a (035)
|2 2011
|
| 130 |
0 |
|
|a Rövid
|9 560288
|
| 245 |
1 |
0 |
|a Rövid Vezérfonal A Fonomimikai Előgyakorlatokhoz
|c Horváth Lajos És Nemes József Kassai Községi Tanítók Által Szerkesztett Magyar ABC- És Olvasókönyvhez
|
| 260 |
|
|
|a Kassán
|b Kiadja: Maurer Adolf Könyvkereskedő
|c 1906
|e Kassa
|f Nyomatott Koczányi Béla Könyv- És Műnyomdájában
|
| 300 |
|
|
|a 44 s.
|c 20 cm
|
| 550 |
|
|
|a Tlačiar uvedený na rube titulného listu
|
| 650 |
0 |
7 |
|a čítanie
|2 SNKPH
|9 1654
|
| 650 |
0 |
7 |
|a fonomimika
|2 SNKPH
|9 560289
|
| 655 |
|
7 |
|a príručky
|2 SNKPH
|9 74364
|
| 700 |
1 |
|
|a Horváth, Lajos
|4 aut
|9 517072
|
| 700 |
1 |
|
|a Nemes, József
|4 aut
|9 560290
|
| 700 |
1 |
|
|a Maurer, Adolf,
|d 1845-1928
|4 pbl
|9 166479
|
| 700 |
1 |
|
|a Kocáni, Vojtech,
|d 1857-1908
|4 prt
|9 180204
|
| 710 |
0 |
|
|a Kocáni, Vojtech (Košice, Slovensko),
|d 1900-1914
|4 prt
|9 434728
|
| 752 |
|
|
|a Slovensko
|d Košice
|
| 852 |
|
|
|a SNK
|p SC 7249
|
| 999 |
|
|
|c 859513
|d 861443
|
| 952 |
|
|
|a SNK
|b SNK
|y PREZ
|7 0
|p 17A0774063
|o snkSC 7249
|i snkKSK 149/1956
|8 3
|0 0
|1 0
|4 0
|d 2019-01-14
|l 0
|r 2025-07-04 00:00:00
|w 2026-02-24
|